Citer un joueur par pays étranger ayant joué à l'Olympique Lyonnais - Statistiques

Statistiques générales
  • Ce quiz a été pris 92 fois
  • Le résultat moyen est 18 sur 48
Statistiques - réponses
Pays Nombre de joueurs au 21e siècle Réponse % Correct
Brésil 26 Juninho/Fred/Bastos/Endrick/Henrique/Marçal/Elber/Guimaraes/Paqueta/Tete/Rafael/Edmilson/Mendes/Nilmar/Cris/Perri/Adryelson/Jean Lucas/Ederson/Anderson/Abner/Marcelo/Caçapa/Santos
94%
Algérie 11 Tafer/Benlamri/Aouar/Slimani/Benrahma/Gouiri/Belfodil/Ghezzal/Belhadj/Benzia/Zeffane
89%
Argentine 6 Tagliafico/Mammana/Lopez/Delgado/Monzon/Almada
88%
Belgique 5 Moreira/Mangala/Fofana/Denayer/Deflandre
80%
Croatie 3 Lovren/Barisic/Caleta-Car
73%
Georgie 1 Mikautadze
71%
Angleterre 3 Morton/Maitland-Niles/Gomes Rodriguez
71%
Bosnie-Herzégovine 1 Pjanic
70%
Cameroun 8 Toko-Ekambi/Makoun/N'Koulou/N'jie/Bedimo/Job/Kemen/Vivien-Foé
67%
Ghana 4 Essien/Nuamah/Mensah/Owusu
64%
Burkina Faso 2 Traoré/Kone
62%
Angola 2 Mata/Gaspar
61%
Allemagne 2 Boateng/Pollersbeck
58%
Italie 3 Emerson Palmieri/Grosso/De Sciglio
56%
Portugal 6 De Carvalho/Lopes/Mendes/Moreira/Gonçalves
53%
Danemark 2 Nartey/Andersen
53%
Côte d'Ivoire 6 Cornet/Diomande/Keita/Karaboué/Akouokou/Zaha
48%
Sénégal 8 Sarr/Niakhaté/Gassama/Cheikh/Diatta/Touré
48%
Irlande 1 O'Brien
47%
Pays-Bas 4 Kluivert/Hateboer/Memphis Depay/Tete
45%
Espagne 2 Crosas/Darder
44%
Tchéquie 3 Sulc/Karabec/Baros
42%
Madagascar 1 Morel
41%
Mali 6 Diarra/Kanouté/Keïta/Koné
38%
Etats-Unis 1 Tessmann
35%
Suisse 2 Shaqiri/Müller
30%
République Dominicaine 1 Mariano Diaz
26%
Serbie 2 Matic/Bisevac
21%
Zimbabwe 1 Kadewere
18%
Slovaquie 1 Greif
17%
Nigeria 1 Orban
15%
Guinée-Bissau 1 Baldé
14%
Guadeloupe 1 Beauvue
14%
Pologne 2 Rybus/Bak
14%
Roumanie 1 Tătărușanu
14%
Ukraine 1 Yaremchuk
14%
Luxembourg 1 Martins
12%
Comores 2 Omari/Maolida
11%
Uruguay 1 Satriano
9%
Norvège 1 Carew
8%
Guinée 2 Yattara/Diakhaby
8%
RD Congo 2 Mvuemba/Kalulu
6%
Maurice 1 Rose
6%
Turquie 1 Ozkacar
5%
Tunisie 1 El Djebali
2%
Martinique 2 Piquionne/Novillo
2%
Émirats Arabes Unis 1 (N'a pas joué en match officiel) Al-Kamali
0%
Tchad 1 Idangar
0%
Aucun quiz correspondant
Distribution des résultats
% des personnes avec chaque résultat
Percentile par nombre de réponses
Votre historique - résultats
Vous n’avez pas pris ce quiz